[Event "Bayern-ch op Seniors 26th"]
[Site "Bergen"]
[Date "2014.06.28"]
[Round "9"]
[White "Reimann, Guenther"]
[Black "Roeder, Gerd"]
[Result "0-1"]
[WhiteElo "1768"]
[BlackElo "2016"]
[PlyCount "54"]
[EventDate "2014.06.21"]
[EventType "swiss"]
[EventRounds "7"]
[EventCountry "GER"]
[SourceTitle "EXT 2018"]
[Source "ChessBase"]
[SourceDate "2017.10.13"]
[SourceVersion "1"]
[SourceVersionDate "2017.10.13"]
[SourceQuality "1"]

1. c4 c6 2. d3 d5 3. Nd2 e5 4. Ngf3 Bd6 5. Qc2 f5 6. e4 Nf6 7. Be2 Be6 8. exd5 cxd5 9. cxd5 Nxd5 10. Nc4 Nc6 11. Ng5 Bb4+ 12. Kf1 Bg8 13. a3 Be7 14. Nf3 Bf6 15. Qa4 Qd7 16. Bd2 a6 17. Qd1 b5 18. Ne3 Be6 19. g3 0-0 20. Ng2 h6 21. h4 e4 22. Nfe1 Bxb2 23. Ra2 Be5 24. Rc2 Nd4 25. f4 Nxc2 26. Qxc2 Rac8 27. Qb1 Bc3 0-1

[Event "Bayern-ch op Seniors 26th"]
[Site "Bergen"]
[Date "2014.06.28"]
[Round "8"]
[White "Roeder, Gerd"]
[Black "Daeubler, Heinrich"]
[Result "0-1"]
[WhiteElo "2016"]
[BlackElo "2044"]
[PlyCount "124"]
[EventDate "2014.06.21"]
[EventType "swiss"]
[EventRounds "7"]
[EventCountry "GER"]
[SourceTitle "EXT 2018"]
[Source "ChessBase"]
[SourceDate "2017.10.13"]
[SourceVersion "1"]
[SourceVersionDate "2017.10.13"]
[SourceQuality "1"]

1. e4 e5 2. Nc3 Nf6 3. f4 d5 4. fxe5 Nxe4 5. Nf3 Bc5 6. d4 Bb4 7. Bd2 Bg4 8. Bd3 Bxf3 9. Qxf3 Qh4+ 10. g3 Nxd2 11. Kxd2 Qxd4 12. a3 Bxc3+ 13. bxc3 Qc5 14. Rhf1 0-0 15. Qh5 g6 16. Qh6 Nc6 17. Rae1 Rfe8 18. Rxf7 Kxf7 19. Qxh7+ Ke6 20. Qxg6+ Kd7 21. e6+ Kd8 22. e7+ Nxe7 23. Qf7 Qd6 24. h4 Qh6+ 25. Kd1 Qf8 26. Qe6 Nc6 27. Qxd5+ Kc8 28. Rf1 Qxa3 29. Kd2 Qe7 30. h5 a5 31. Kc1 Kb8 32. Kb2 Qd6 33. Qxd6 cxd6 34. h6 Ne5 35. Bf5 Kc7 36. g4 Nc4+ 37. Ka2 Ne3 38. Rf3 Nxf5 39. Rxf5 Rg8 40. g5 Kc6 41. c4 b6 42. Kb3 Rg6 43. Kc3 Rag8 44. Kb2 a4 45. Ka2 a3 46. Rb5 Rf8 47. Kxa3 Rf3+ 48. Kb4 Rg3 49. Rf5 Rh3 50. c3 Rh5 51. Kb3 Rgxg5 52. Rf6 Rg2 53. Kb4 Rgh2 54. Rf8 Rxh6 55. Rc8+ Kb7 56. Rf8 Rb2+ 57. Ka3 Rhh2 58. c5 bxc5 59. c4 Rb6 60. Rf1 Kc6 61. Rf7 Rhb2 62. Ka4 Ra2# 0-1

[Event "Bayern-ch op Seniors 26th"]
[Site "Bergen"]
[Date "2014.06.21"]
[Round "1"]
[White "Roeder, Gerd"]
[Black "Lueders, Guenter"]
[Result "1-0"]
[WhiteElo "2016"]
[BlackElo "1659"]
[PlyCount "53"]
[EventDate "2014.06.21"]
[EventType "swiss"]
[EventRounds "7"]
[EventCountry "GER"]
[SourceTitle "EXT 2018"]
[Source "ChessBase"]
[SourceDate "2017.10.13"]
[SourceVersion "1"]
[SourceVersionDate "2017.10.13"]
[SourceQuality "1"]

1. e4 c5 2. c3 d6 3. d4 cxd4 4. cxd4 Nd7 5. Nc3 g6 6. h4 h5 7. Nf3 Bg7 8. Bc4 Ngf6 9. Bxf7+ Kxf7 10. Ng5+ Kg8 11. Qb3+ d5 12. Nxd5 e6 13. Nxe6 Qe8 14. Ndc7 Qf7 15. Nxa8 Nxe4 16. Ng5 Qxb3 17. axb3 Nxg5 18. Bxg5 Bxd4 19. 0-0 Bxb2 20. Rxa7 Be5 21. Rc1 Kg7 22. Nc7 Nf6 23. Bxf6+ Bxf6 24. g3 Rf8 25. Ra8 Bd7 26. Rxf8 Kxf8 27. Nd5 1-0

[Event "Regionalliga NO 1314"]
[Site "Bayern"]
[Date "2014.02.09"]
[Round "6.1"]
[White "Roeder, Gerd"]
[Black "Guthmann, Peter"]
[Result "0-1"]
[WhiteElo "2016"]
[BlackElo "2162"]
[PlyCount "67"]
[EventDate "2013.10.13"]
[EventType "team-tourn"]
[EventRounds "9"]
[EventCountry "GER"]
[SourceTitle "EXT 2015"]
[Source "ChessBase"]
[SourceDate "2014.11.20"]
[SourceVersion "1"]
[SourceVersionDate "2014.11.20"]
[SourceQuality "1"]
[WhiteTeam "Altensittenbach"]
[BlackTeam "Gunzenhausen"]
[WhiteTeamCountry "GER"]
[BlackTeamCountry "GER"]

1. e4 c5 2. c3 g6 3. d4 cxd4 4. cxd4 d5 5. e5 Nc6 6. Nc3 Bg7 7. Bb5 f6 8. exf6 Nxf6 9. Nge2 0-0 10. 0-0 Bf5 11. Bf4 Ne4 12. Rc1 Qb6 13. Qb3 e6 14. Nxe4 Bxe4 15. Bxc6 bxc6 16. Qxb6 axb6 17. Rxc6 Bd3 18. Bd6 Rfc8 19. Rxc8+ Rxc8 20. Rc1 Ra8 21. Nf4 Bf5 22. Be5 Bxe5 23. dxe5 Rxa2 24. h3 h5 25. b3 Rb2 26. Rc3 d4 27. Rc8+ Kf7 28. Rd8 d3 29. g4 hxg4 30. hxg4 Be4 31. Rd7+ Ke8 32. Rd4 d2 33. Kh2 Bf3 34. Nxe6 0-1